000 00353 a2200145 4500
001 149274
040 _cEscola São Tomás de Aquino
100 _aLOBATO, Monteiro
240 1 0 _aO nascimento do Visconde
_lpor
245 1 0 _aO nascimento do Visconde
362 0 _a1999
440 1 _aBrasiliense
697 _a*LITERATURA INFANTO JUVENIL
942 _cBK
999 _c149274
_d149274